000 00425nam a22001577a 4500
005 20251108164255.0
008 250721s1993 xx 000 0 ara d
082 1 4 _a794.1/عما
100 1 _aعبد الرزاق، عماد أمين
245 1 0 _aالنهايات في الشطرنج /
264 1 _aعمان :
_bالمؤلف،
_c1993.
300 _a160ص
650 1 7 _aالشطرنج
942 _2ddc
_cBK
999 _c8078
_d8078